[Event "TCh-RUS Premier 2022"]
[Site "Sochi RUS"]
[Date "2022.05.08"]
[Round "6.4"]
[Board "4"]
[White "Ponkratov, Pavel"]
[Black "Grachev, Boris"]
[Result "1-0"]
[WhiteTitle "GM"]
[BlackTitle "GM"]
[WhiteElo "2624"]
[BlackElo "2615"]
[WhiteTeam "Mednyy vsadnik (g. Sankt-Peterburg)"]
[BlackTeam "Shakhmatnaya sbornaya Moskvy"]
[WhiteFideId "4157800"]
[BlackFideId "4129199"]
[EventDate "2022.05.01"]

1. e4 e6 2. d4 d5 3. e5 c5 4. c3 Nc6 5. Nf3 Bd7 6. Be2 f6 7. O-O fxe5 8. Nxe5
Nxe5 9. dxe5 Qc7 10. Bf4 Ne7 11. c4 Bc6 12. Bg4 Qd7 13. Bg5 d4 14. Qd3 Nf5 15.
Nd2 Qf7 16. Qh3 h5 17. Bf3 Bxf3 18. Qxf3 Qd7 19. Ne4 Be7 20. Bxe7 Qxe7 21. b4
cxb4 22. c5 Kf7 23. a3 a5 24. Rab1 Kg6 25. axb4 axb4 26. Rxb4 Rhf8 27. Qb3 Kh7
28. Nf6+ Kg6 29. Rxb7 Qxc5 30. Nd7 Qd5 31. Nxf8+ Rxf8 32. Qxd5 exd5 33. Rd7 Kg5
34. Re1 Kf4 35. Rxd5 Re8 36. e6 g6 37. g3+ Kg5 38. Rd7 h4 39. Kg2 hxg3 40. hxg3
Kf6 41. Rf7+ Kg5 42. Re5 Ra8 43. e7 1-0

[Event "TCh-RUS Premier 2022"]
[Site "Sochi RUS"]
[Date "2022.05.08"]
[Round "6.4"]
[Board "5"]
[White "Popov, Ivan RUS"]
[Black "Popov, Valerij"]
[Result "1-0"]
[WhiteTitle "GM"]
[BlackTitle "GM"]
[WhiteElo "2629"]
[BlackElo "2537"]
[WhiteTeam "Shakhmatnaya sbornaya Moskvy"]
[BlackTeam "Mednyy vsadnik (g. Sankt-Peterburg)"]
[WhiteFideId "4170350"]
[BlackFideId "4119410"]
[EventDate "2022.05.01"]

1. e4 c5 2. Nf3 d6 3. d4 cxd4 4. Nxd4 Nf6 5. Bb5+ Bd7 6. c4 e5 7. Nf5 d5 8. exd5
Bxb5 9. cxb5 Qd7 10. Qc2 Bb4+ 11. Nc3 O-O 12. Bg5 e4 13. Nh6+ gxh6 14. Bxf6 Qxd5
15. O-O Bxc3 16. Qxc3 Qf5 17. Rad1 a6 18. Rfe1 Rc8 19. Rd5 1-0

[Event "TCh-RUS Premier 2022"]
[Site "Sochi RUS"]
[Date "2022.05.08"]
[Round "6.4"]
[Board "6"]
[White "Lobanov, Sergei"]
[Black "Demidov, Mikhail"]
[Result "1/2-1/2"]
[WhiteTitle "IM"]
[BlackTitle "GM"]
[WhiteElo "2524"]
[BlackElo "2571"]
[WhiteTeam "Mednyy vsadnik (g. Sankt-Peterburg)"]
[BlackTeam "Shakhmatnaya sbornaya Moskvy"]
[WhiteFideId "24183750"]
[BlackFideId "4197143"]
[EventDate "2022.05.01"]

1. e4 c6 2. d4 d5 3. e5 c5 4. dxc5 e6 5. c3 Nd7 6. Nf3 Nxc5 7. c4 Ne4 8. Bd3
Bb4+ 9. Nbd2 Ne7 10. O-O Nxd2 11. Bxd2 Bxd2 12. Nxd2 O-O 13. Rc1 Bd7 14. Nf3 h6
15. c5 b6 16. Qd2 Rc8 17. Qe3 bxc5 18. Rxc5 Qb6 19. Rxc8 Rxc8 20. Qxb6 axb6 21.
Nd4 f6 22. f4 Rc5 23. Kf2 Ra5 24. a3 Nc6 25. Nxc6 Bxc6 26. Re1 Kf7 27. g3 fxe5
28. fxe5 Ke7 29. Ke3 Be8 30. Re2 Rc5 31. Re1 Ra5 32. Re2 Rc5 1/2-1/2

[Event "TCh-RUS Premier 2022"]
[Site "Sochi RUS"]
[Date "2022.05.10"]
[Round "7.1"]
[Board "1"]
[White "Esipenko, Andrey"]
[Black "Sargissian, Gabriel"]
[Result "1-0"]
[WhiteTitle "GM"]
[BlackTitle "GM"]
[WhiteElo "2709"]
[BlackElo "2694"]
[WhiteTeam "Mednyy vsadnik (g. Sankt-Peterburg)"]
[BlackTeam "Shkola im. M.M.Botvinnika (g. Moskva)"]
[WhiteFideId "24175439"]
[BlackFideId "13300881"]
[EventDate "2022.05.01"]

1. d4 d5 2. c4 e6 3. Nf3 Nf6 4. Nc3 Bb4 5. cxd5 exd5 6. Bf4 O-O 7. e3 c5 8. Bd3
Bg4 9. dxc5 Nbd7 10. O-O Bxc3 11. bxc3 Nxc5 12. Be2 Rc8 13. Be5 Nce4 14. Qa4 a6
15. Qb4 Re8 16. Bd4 b5 17. Rfc1 Nd7 18. a4 Bxf3 19. Bxf3 Ne5 20. Bxe5 Rxe5 21.
axb5 axb5 22. Qxb5 Nd2 23. Bd1 Ne4 24. Bg4 Rb8 25. Qe2 g6 26. Rc2 h5 27. Bf3 Qf6
28. Qd3 Rc8 29. Rd1 Nc5 30. Qd4 Ne4 31. c4 Qe7 32. c5 Rc6 33. Rb1 Nf6 34. Rb6
Rc7 35. h3 Nd7 36. Rd6 Nxc5 37. Bxd5 Kh7 38. Bxf7 1-0

[Event "TCh-RUS Premier 2022"]
[Site "Sochi RUS"]
[Date "2022.05.10"]
[Round "7.1"]
[Board "2"]
[White "Rakhmanov, Aleksandr"]
[Black "Matlakov, Maxim"]
[Result "1/2-1/2"]
[WhiteTitle "GM"]
[BlackTitle "GM"]
[WhiteElo "2640"]
[BlackElo "2674"]
[WhiteTeam "Shkola im. M.M.Botvinnika (g. Moskva)"]
[BlackTeam "Mednyy vsadnik (g. Sankt-Peterburg)"]
[WhiteFideId "4173708"]
[BlackFideId "4168003"]
[EventDate "2022.05.01"]

1. Nf3 d5 2. e3 Nf6 3. c4 e6 4. Nc3 Bd6 5. b3 O-O 6. Bb2 Re8 7. Qc2 c5 8. Nb5
Bf8 9. Be5 Nc6 10. Bc7 Qd7 11. Ne5 Qe7 12. Bd6 Qd8 13. Bc7 Qe7 14. Bd6 Qd8 1/2-1/2

[Event "TCh-RUS Premier 2022"]
[Site "Sochi RUS"]
[Date "2022.05.10"]
[Round "7.1"]
[Board "3"]
[White "Chigaev, Maksim"]
[Black "Petrov, Nikita"]
[Result "1/2-1/2"]
[WhiteTitle "GM"]
[BlackTitle "GM"]
[WhiteElo "2631"]
[BlackElo "2560"]
[WhiteTeam "Mednyy vsadnik (g. Sankt-Peterburg)"]
[BlackTeam "Shkola im. M.M.Botvinnika (g. Moskva)"]
[WhiteFideId "4108116"]
[BlackFideId "4101286"]
[EventDate "2022.05.01"]

1. c4 Nf6 2. Nc3 e5 3. Nf3 Nc6 4. d3 Bb4 5. Bd2 O-O 6. g3 a5 7. Bg2 d6 8. O-O h6
9. a3 Bc5 10. Na4 Re8 11. e4 Ba7 12. h3 Nd4 13. Nc3 c6 1/2-1/2

[Event "TCh-RUS Premier 2022"]
[Site "Sochi RUS"]
[Date "2022.05.10"]
[Round "7.1"]
[Board "4"]
[White "Sviridov, Valery"]
[Black "Sakaev, Konstantin"]
[Result "1/2-1/2"]
[BlackTitle "GM"]
[WhiteElo "2569"]
[BlackElo "2603"]
[WhiteTeam "Shkola im. M.M.Botvinnika (g. Moskva)"]
[BlackTeam "Mednyy vsadnik (g. Sankt-Peterburg)"]
[WhiteFideId "4120680"]
[BlackFideId "4104226"]
[EventDate "2022.05.01"]

1. d4 Nf6 2. c4 e6 3. Nf3 d5 4. Nc3 c6 5. e3 Nbd7 6. Qc2 Bd6 7. b3 O-O 8. Be2 b6
9. O-O Bb7 10. e4 Nxe4 11. Nxe4 dxe4 1/2-1/2

[Event "TCh-RUS Premier 2022"]
[Site "Sochi RUS"]
[Date "2022.05.10"]
[Round "7.1"]
[Board "5"]
[White "Ponkratov, Pavel"]
[Black "Makarian, Rudik"]
[Result "1/2-1/2"]
[WhiteTitle "GM"]
[BlackTitle "IM"]
[WhiteElo "2624"]
[BlackElo "2523"]
[WhiteTeam "Mednyy vsadnik (g. Sankt-Peterburg)"]
[BlackTeam "Shkola im. M.M.Botvinnika (g. Moskva)"]
[WhiteFideId "4157800"]
[BlackFideId "44105681"]
[EventDate "2022.05.01"]

1. e4 c5 2. Nf3 e6 3. d4 cxd4 4. Nxd4 Nc6 5. Nc3 Qc7 6. g3 a6 7. Bg2 Nf6 8. O-O
Nxd4 9. Qxd4 Bc5 10. Bf4 d6 11. Qd2 h6 12. Rad1 e5 13. Be3 Bxe3 14. fxe3 Be6 15.
Qxd6 Rc8 16. Rf2 Qxd6 17. Rxd6 Rxc3 18. bxc3 Nd7 19. a4 Ke7 20. Rd1 Rc8 21. Rb1
Rc7 22. a5 Kd8 23. c4 Kc8 24. Bf1 Rc5 1/2-1/2

[Event "TCh-RUS Premier 2022"]
[Site "Sochi RUS"]
[Date "2022.05.10"]
[Round "7.1"]
[Board "6"]
[White "Zakhartsov, Vladimir"]
[Black "Lobanov, Sergei"]
[Result "1/2-1/2"]
[WhiteTitle "GM"]
[BlackTitle "IM"]
[WhiteElo "2487"]
[BlackElo "2524"]
[WhiteTeam "Shkola im. M.M.Botvinnika (g. Moskva)"]
[BlackTeam "Mednyy vsadnik (g. Sankt-Peterburg)"]
[WhiteFideId "4145097"]
[BlackFideId "24183750"]
[EventDate "2022.05.01"]

1. c4 e5 2. d3 Nf6 3. Nf3 Nc6 4. g3 d5 5. cxd5 Nxd5 6. Bg2 Be7 7. O-O O-O 8. a3
Be6 9. Nc3 Nb6 10. b4 Nd4 11. Bb2 Bb3 12. Qc1 Bd5 13. Nxd4 Bxg2 14. Ne6 Qd6 15.
Nxc7 Bxf1 16. Nxa8 Bh3 17. Ne4 Qe6 18. Nxb6 axb6 19. f3 Rc8 20. Qd2 h5 21. Rc1
f6 22. Nf2 Bf5 23. e4 Bg6 24. Rxc8+ Qxc8 25. h4 Be8 26. Kg2 Bb5 27. Qc3 Qd7 28.
Bc1 Bd8 29. Be3 Qe6 30. Qc2 Qd7 31. Qc3 Bc7 32. d4 exd4 33. Qxd4 Qxd4 34. Bxd4
Be2 35. g4 Kh7 36. gxh5 Kh6 37. Ng4+ Kxh5 38. Ne3 b5 39. Nf5 Kg6 40. h5+ Kf7 41.
h6 gxh6 42. Nxh6+ Kg6 43. Nf5 Bc4 44. Be3 Be5 45. f4 Bb2 46. Bd4 Bxa3 47. Bc3
Bc1 48. Kf3 Bb3 49. Nd6 Bd1+ 50. Kg3 Bc2 51. f5+ Kg5 52. Nf7+ Kh5 53. Kf3 Bd1+
54. Kf2 Bc2 55. Nd6 Kg5 56. Nf7+ Kh5 57. e5 fxe5 58. f6 Bf4 59. Bxe5 Bb3 1/2-1/2

[Event "TCh-RUS Premier 2022"]
[Site "Sochi RUS"]
[Date "2022.05.10"]
[Round "7.2"]
[Board "1"]
[White "Sjugirov, Sanan"]
[Black "Najer, Evgeniy"]
[Result "1/2-1/2"]
[WhiteTitle "GM"]
[BlackTitle "GM"]
[WhiteElo "2696"]
[BlackElo "2659"]
[WhiteTeam "Yuzhnyy Ural - 1 (Chelyabinskaya oblast)"]
[BlackTeam "Shakhmatnaya sbornaya Moskvy"]
[WhiteFideId "4189302"]
[BlackFideId "4118987"]
[EventDate "2022.05.01"]

1. e4 e5 2. Nf3 Nc6 3. Bb5 a6 4. Ba4 Nf6 5. O-O Be7 6. d3 b5 7. Bb3 d6 8. a3 O-O
9. Nc3 Na5 10. Ba2 Be6 11. b4 Bxa2 12. Rxa2 Nc6 13. Bg5 Ng4 14. Bd2 Nf6 15. Bg5
Ng4 16. Bd2 Nf6 17. Re1 Qd7 18. Nd5 Nxd5 19. exd5 Na7 20. a4 c6 21. axb5 axb5
22. d4 cxd5 23. dxe5 Nc6 1/2-1/2

[Event "TCh-RUS Premier 2022"]
[Site "Sochi RUS"]
[Date "2022.05.10"]
[Round "7.2"]
[Board "2"]
[White "Inarkiev, Ernesto"]
[Black "Paravyan, David"]
[Result "1/2-1/2"]
[WhiteTitle "GM"]
[BlackTitle "GM"]
[WhiteElo "2659"]
[BlackElo "2617"]
[WhiteTeam "Shakhmatnaya sbornaya Moskvy"]
[BlackTeam "Yuzhnyy Ural - 1 (Chelyabinskaya oblast)"]
[WhiteFideId "4162722"]
[BlackFideId "4194985"]
[EventDate "2022.05.01"]

1. d4 Nf6 2. c4 e6 3. Nf3 d5 4. g3 Be7 5. Bg2 O-O 6. Nc3 h6 7. O-O dxc4 8. e3 c5
9. dxc5 Qa5 10. Qd4 Nc6 11. Qxc4 Qxc5 12. Qxc5 Bxc5 13. a3 Rd8 14. b4 Be7 15.
Bb2 Bd7 16. Rfc1 Be8 17. Rc2 Rab8 18. Rac1 Kf8 19. Ne2 Nd5 20. Nf4 Nxf4 21. gxf4
Bf6 22. Ne5 Bxe5 23. fxe5 a6 24. f4 Rd3 25. Kf2 Ne7 26. Bf1 Rdd8 27. Bd4 Ba4 28.
Rd2 Ke8 29. Ke1 Rbc8 30. Rxc8 Rxc8 31. Bc5 Bb5 32. Bh3 Bc6 33. Kf2 Ra8 34. Bf1
Nd5 35. Bd4 Rc8 36. Kg3 Bb5 37. Bg2 Rc1 38. f5 Ne7 39. fxe6 Nf5+ 40. Kf2 fxe6
41. Bc5 Ra1 42. Bxb7 Rxa3 43. Bf3 Kf7 44. Bh5+ g6 45. Be2 Bxe2 46. Kxe2 g5 47.
e4 Nh4 48. Rd7+ Kg8 49. Ra7 Ng6 50. Bd6 g4 51. Kd2 Ra2+ 52. Kc3 Rxh2 53. Rxa6 g3
54. Bc5 Rh1 55. Rxe6 Nf4 56. Rf6 Rc1+ 57. Kd2 Rxc5 58. Rxf4 Rxe5 59. Rg4+ Kf7
60. Rxg3 Rxe4 61. Kc3 Ke7 62. Rd3 h5 63. b5 h4 64. Rd1 Re6 65. Kc4 Rd6 66. Rg1
Kd7 67. Rg7+ Kc8 68. Rh7 Kb8 69. Kc5 Rg6 70. Rxh4 Rg8 71. Rh7 Rf8 72. Kb6 Rf6+
73. Ka5 Rf8 74. Ka6 Rg8 75. b6 Rf8 76. Rb7+ Ka8 77. Rd7 Kb8 78. Rd6 Rh8 79. b7
Rg8 80. Kb6 1/2-1/2

[Event "TCh-RUS Premier 2022"]
[Site "Sochi RUS"]
[Date "2022.05.10"]
[Round "7.2"]
[Board "3"]
[White "Kokarev, Dmitry"]
[Black "Grachev, Boris"]
[Result "1/2-1/2"]
[WhiteTitle "GM"]
[BlackTitle "GM"]
[WhiteElo "2576"]
[BlackElo "2615"]
[WhiteTeam "Yuzhnyy Ural - 1 (Chelyabinskaya oblast)"]
[BlackTeam "Shakhmatnaya sbornaya Moskvy"]
[WhiteFideId "4132181"]
[BlackFideId "4129199"]
[EventDate "2022.05.01"]

1. e4 e6 2. d4 d5 3. Nc3 Nf6 4. Bg5 dxe4 5. Nxe4 Nbd7 6. Nf3 h6 7. Nxf6+ Nxf6 8.
Be3 Bd6 9. Bd3 O-O 10. Qe2 b6 11. O-O-O Bb7 12. Ne5 Nd5 13. Bd2 Qh4 14. Nf3 Qf6
15. Qe4 Qg6 16. Qxg6 fxg6 17. Bxg6 Nf4 18. Bxf4 Rxf4 19. h3 Raf8 20. Rde1 R8f6
21. Bd3 Bxf3 22. gxf3 Rxf3 23. Bc4 Rxf2 24. Rxe6 Rxe6 25. Bxe6+ Kh7 26. a3 h5
27. Re1 g5 28. Re4 Kg6 29. Kb1 Rf3 30. Ka2 g4 31. hxg4 h4 32. Bd5 Rf2 33. Re8
Rf8 34. Rxf8 1/2-1/2

[Event "TCh-RUS Premier 2022"]
[Site "Sochi RUS"]
[Date "2022.05.10"]
[Round "7.2"]
[Board "4"]
[White "Motylev, Alexander"]
[Black "Lysyj, Igor"]
[Result "1/2-1/2"]
[WhiteTitle "GM"]
[BlackTitle "GM"]
[WhiteElo "2633"]
[BlackElo "2603"]
[WhiteTeam "Shakhmatnaya sbornaya Moskvy"]
[BlackTeam "Yuzhnyy Ural - 1 (Chelyabinskaya oblast)"]
[WhiteFideId "4121830"]
[BlackFideId "4150120"]
[EventDate "2022.05.01"]

1. d4 Nf6 2. c4 e6 3. Nc3 Bb4 4. e3 c5 5. Bd3 d5 6. cxd5 exd5 7. a3 cxd4 8. axb4
dxc3 9. bxc3 O-O 10. Nf3 Bg4 11. h3 Bh5 12. Be2 Qc7 13. O-O Qxc3 14. Ra2 Nbd7
15. b5 Bxf3 16. Bxf3 Qc4 17. Rd2 Nb6 18. Bb2 Ne4 19. Rc2 Qxb5 20. Bxe4 dxe4 21.
Qg4 f6 22. Qxe4 Qd7 23. Bd4 Rfe8 24. Qf3 Rec8 25. Ra2 Nc4 26. Rd1 Qc6 27. Qxc6
Rxc6 28. Rxa7 Rxa7 29. Bxa7 Rd6 1/2-1/2

[Event "TCh-RUS Premier 2022"]
[Site "Sochi RUS"]
[Date "2022.05.10"]
[Round "7.2"]
[Board "5"]
[White "Drygalov, Sergey"]
[Black "Popov, Ivan RUS"]
[Result "1/2-1/2"]
[WhiteTitle "IM"]
[BlackTitle "GM"]
[WhiteElo "2546"]
[BlackElo "2629"]
[WhiteTeam "Yuzhnyy Ural - 1 (Chelyabinskaya oblast)"]
[BlackTeam "Shakhmatnaya sbornaya Moskvy"]
[WhiteFideId "24171743"]
[BlackFideId "4170350"]
[EventDate "2022.05.01"]

1. d4 d5 2. c4 c6 3. Nf3 Nf6 4. Nc3 dxc4 5. g3 g6 6. e4 b5 7. h4 Bg4 8. e5 Nd5
9. a4 Nb4 10. Be2 Bxf3 11. Bxf3 Nd3+ 12. Kf1 b4 13. Ne2 Nxe5 14. Be4 Ng4 15. Qc2
Nf6 16. Bf3 c3 17. h5 Nxh5 18. bxc3 bxc3 19. Qxc3 Nf6 20. Rb1 Bg7 21. Bxc6+ Nxc6
22. Qxc6+ Nd7 23. Rb7 Rc8 24. Qd5 Rc7 25. Bf4 Rxb7 26. Qxb7 O-O 27. Kg2 Nb6 28.
a5 Nd5 29. Bd2 Qd6 30. Nf4 Rd8 31. Qxa7 Nxf4+ 32. Bxf4 Qc6+ 33. f3 Qc2+ 34. Kh3
Qf5+ 35. Kg2 Qc2+ 36. Kh3 Qf5+ 37. Kg2 Rc8 38. Rf1 Rc2+ 39. Rf2 Rxf2+ 40. Kxf2
Qc2+ 41. Ke1 Qb1+ 1/2-1/2

[Event "TCh-RUS Premier 2022"]
[Site "Sochi RUS"]
[Date "2022.05.10"]
[Round "7.2"]
[Board "6"]
[White "Demidov, Mikhail"]
[Black "Gutenev, Alexander"]
[Result "1/2-1/2"]
[WhiteTitle "GM"]
[BlackTitle "IM"]
[WhiteElo "2571"]
[BlackElo "2457"]
[WhiteTeam "Shakhmatnaya sbornaya Moskvy"]
[BlackTeam "Yuzhnyy Ural - 1 (Chelyabinskaya oblast)"]
[WhiteFideId "4197143"]
[BlackFideId "4195540"]
[EventDate "2022.05.01"]

1. c4 g6 2. Nc3 c5 3. d4 cxd4 4. Qxd4 Nf6 5. g3 Nc6 6. Qd2 Bg7 7. Bg2 Qa5 8. Nd5
Nxd5 9. Qxa5 Nxa5 10. cxd5 d6 11. Rb1 e6 12. b3 exd5 13. Bxd5 Bf5 14. e4 Be6 15.
Nf3 Rc8 16. Bd2 1/2-1/2

[Event "TCh-RUS Premier 2022"]
[Site "Sochi RUS"]
[Date "2022.05.10"]
[Round "7.3"]
[Board "1"]
[White "Goryachkina, Aleksandra"]
[Black "Shubin, Kirill"]
[Result "0-1"]
[WhiteTitle "GM"]
[BlackTitle "IM"]
[WhiteElo "2610"]
[BlackElo "2472"]
[WhiteTeam "Gogolevskiy, 14 (g. Moskva)"]
[BlackTeam "SShOR po shakhmatam i shashkam (g. Sankt-Pete"]
[WhiteFideId "4147103"]
[BlackFideId "34119962"]
[EventDate "2022.05.01"]

1. d4 Nf6 2. c4 e6 3. Nf3 b6 4. a3 Ba6 5. Qc2 Bb7 6. Nc3 c5 7. e4 cxd4 8. Nxd4
Bc5 9. Nb3 Nc6 10. Nxc5 bxc5 11. Be3 Qe7 12. f3 O-O 13. Qf2 d6 14. Bd3 Rab8 15.
b3 a5 16. O-O Nd7 17. f4 e5 18. f5 Nd4 19. Rab1 Bc6 20. Bc2 Rb7 21. a4 h6 22.
Rb2 Rfb8 23. Rfb1 Nf6 24. h3 Rb6 25. Bd3 Rxb3 26. Rxb3 Rxb3 27. Rxb3 Nxb3 28. g4
Qb7 29. Qg2 Qb4 30. g5 Nh5 31. Qb2 hxg5 32. Bxg5 Nd4 33. Bc1 Nf4 34. Bf1 Qxc3 0-1

[Event "TCh-RUS Premier 2022"]
[Site "Sochi RUS"]
[Date "2022.05.10"]
[Round "7.3"]
[Board "2"]
[White "Usmanov, Vasily"]
[Black "Kobalia, Mikhail"]
[Result "1/2-1/2"]
[WhiteTitle "IM"]
[BlackTitle "GM"]
[WhiteElo "2447"]
[BlackElo "2596"]
[WhiteTeam "SShOR po shakhmatam i shashkam (g. Sankt-Pete"]
[BlackTeam "Gogolevskiy, 14 (g. Moskva)"]
[WhiteFideId "4135741"]
[BlackFideId "4119150"]
[EventDate "2022.05.01"]

1. d4 d5 2. c4 e6 3. Nf3 Nf6 4. g3 Be7 5. Bg2 O-O 6. O-O Nbd7 7. Qc2 c6 8. Rd1
b6 9. Nc3 Bb7 10. Bf4 Nh5 11. Bd2 Nhf6 12. Bf4 dxc4 13. Nd2 Nd5 14. Nxc4 Nxf4
15. gxf4 Rc8 16. Rac1 Qc7 17. e3 Rfd8 18. a3 a5 19. a4 Qb8 20. Qb3 Ba8 21. Ne5
Nxe5 22. dxe5 h6 23. Qc4 Rxd1+ 24. Rxd1 b5 25. Qb3 Bb4 26. Ne4 bxa4 27. Qxa4 Rd8
28. Qc2 Rxd1+ 29. Qxd1 Bf8 30. Qd4 Qb4 31. Qxb4 Bxb4 32. Nd6 Bxd6 33. exd6 Kf8
34. e4 c5 35. f3 g5 36. fxg5 hxg5 37. Bf1 Bc6 38. Kf2 e5 39. Kg3 Bd7 40. h4
gxh4+ 41. Kxh4 Kg7 42. Kg5 f6+ 43. Kh5 Be8+ 44. Kh4 Kf8 45. f4 Bc6 46. fxe5 fxe5
47. Kg5 Bxe4 48. Kf6 Ke8 49. Kxe5 Bc6 50. Bd3 a4 51. Ke6 Kd8 52. Bg6 Bf3 53. Bf7
c4 54. Ke5 c3 55. bxc3 Bd1 56. Bc4 Bb3 57. Kd4 Kd7 58. Kc5 Bxc4 59. Kxc4 Kxd6
60. Kd4 1/2-1/2

[Event "TCh-RUS Premier 2022"]
[Site "Sochi RUS"]
[Date "2022.05.10"]
[Round "7.3"]
[Board "3"]
[White "Murzin, Volodar"]
[Black "Pershin, Denis"]
[Result "1-0"]
[WhiteTitle "IM"]
[BlackTitle "IM"]
[WhiteElo "2542"]
[BlackElo "2397"]
[WhiteTeam "Gogolevskiy, 14 (g. Moskva)"]
[BlackTeam "SShOR po shakhmatam i shashkam (g. Sankt-Pete"]
[WhiteFideId "44155573"]
[BlackFideId "24165506"]
[EventDate "2022.05.01"]

1. e4 c6 2. d4 d5 3. f3 Qb6 4. Nc3 dxe4 5. Nxe4 Bf5 6. Ng3 Bg6 7. f4 e6 8. Nf3
Nd7 9. c3 Bd6 10. Be2 Ne7 11. O-O O-O 12. Kh1 Rfd8 13. Nd2 c5 14. Nc4 Qc7 15. d5
Nf8 16. dxe6 Nxe6 17. Nxd6 Rxd6 18. Qe1 f5 19. Bc4 Bf7 20. Qe5 g6 21. Bxe6 Bxe6
22. b3 b6 23. c4 Nc6 24. Qe1 Rad8 25. Bb2 Bc8 26. Qc3 Nd4 27. Rae1 Bb7 28. Rf2
Qc6 29. Ne2 Re8 30. Nxd4 Rxd4 31. h3 Ree4 32. Rxe4 Qxe4 33. Kh2 Kf7 34. Qg3 Rd7
35. Qh4 Ke8 36. Qf6 Qe7 37. Qh8+ Qf8 38. Qe5+ Qe7 39. Qb8+ Qd8 40. Qe5+ Qe7 41.
Qh8+ Qf8 42. Qc3 Be4 43. Rd2 Rxd2 44. Qxd2 Qe7 45. Qc3 Kd7 46. Qh8 Bxg2 47. Bf6
Qe4 48. Qd8+ Kc6 49. Qc8+ Kd6 50. Be5+ Ke7 51. Qc7+ Ke8 52. Qxh7 Bf1 53. Qxg6+
Ke7 54. Qd6+ Kf7 55. Qf6+ Ke8 56. Qe6+ Kf8 57. Bd6+ Kg7 58. Qxe4 fxe4 59. Bb8 e3
60. Kg3 a6 61. Ba7 e2 62. Kf2 b5 63. cxb5 axb5 64. h4 c4 65. b4 Kg6 66. Bd4 Kf5
67. h5 Kxf4 68. h6 e1=Q+ 69. Kxe1 Bd3 70. a4 Kg5 71. Be3+ Kg6 72. axb5 c3 73. b6
Be4 74. Kf2 1-0

[Event "TCh-RUS Premier 2022"]
[Site "Sochi RUS"]
[Date "2022.05.10"]
[Round "7.3"]
[Board "4"]
[White "Timerkhanov, Alexander"]
[Black "Savchenko, Boris"]
[Result "0-1"]
[WhiteTitle "FM"]
[BlackTitle "GM"]
[WhiteElo "2392"]
[BlackElo "2524"]
[WhiteTeam "SShOR po shakhmatam i shashkam (g. Sankt-Pete"]
[BlackTeam "Gogolevskiy, 14 (g. Moskva)"]
[WhiteFideId "24177938"]
[BlackFideId "4147332"]
[EventDate "2022.05.01"]

1. d4 Nf6 2. Bg5 e6 3. Nd2 c5 4. e3 cxd4 5. exd4 Nc6 6. c3 Be7 7. Ngf3 O-O 8.
Bd3 Nd5 9. Bxe7 Ncxe7 10. g3 a6 11. O-O b5 12. a4 Rb8 13. axb5 axb5 14. Qe2 Qb6
15. Rfc1 d6 16. Ne4 Bb7 17. Nfd2 Ba8 18. Nb3 Ng6 19. f3 Ne5 20. Nbd2 Nxd3 21.
Qxd3 f5 22. Ng5 e5 23. Re1 Rbe8 24. c4 h6 25. Nh3 e4 26. fxe4 fxe4 27. Nxe4 bxc4
28. Qxc4 Rc8 29. Nc5 Bb7 30. Nf4 Rxf4 31. gxf4 dxc5 32. dxc5 Rxc5 33. Qd4 Nxf4
34. Re8+ Kh7 35. Kf1 0-1

[Event "TCh-RUS Premier 2022"]
[Site "Sochi RUS"]
[Date "2022.05.10"]
[Round "7.3"]
[Board "5"]
[White "Khegay, Dmitriy"]
[Black "Schekachikhin, Maksim"]
[Result "1-0"]
[WhiteTitle "GM"]
[BlackTitle "IM"]
[WhiteElo "2523"]
[BlackElo "2433"]
[WhiteTeam "Gogolevskiy, 14 (g. Moskva)"]
[BlackTeam "SShOR po shakhmatam i shashkam (g. Sankt-Pete"]
[WhiteFideId "24153729"]
[BlackFideId "24177830"]
[EventDate "2022.05.01"]

1. e4 c5 2. Nf3 e6 3. c3 d5 4. exd5 Qxd5 5. d4 Nf6 6. Be2 Be7 7. O-O O-O 8. c4
Qd8 9. dxc5 Bxc5 10. Nc3 b6 11. Bf4 Qe7 12. Qc2 Bb7 13. Rad1 Nc6 14. a3 Rfd8 15.
b4 Bd6 16. Bxd6 Rxd6 17. Rxd6 Qxd6 18. Rd1 Qe7 19. Nb5 Rd8 20. Rxd8+ Nxd8 21.
Qd2 Ne4 22. Qe3 a6 23. Nc3 Nxc3 24. Qxc3 f6 25. Qe3 Qc7 26. Nd4 e5 27. Nb3 a5
28. bxa5 bxa5 29. Qd2 a4 30. Nc5 Qxc5 31. Qxd8+ Qf8 32. Qb6 Qxa3 33. Qxb7 Qa1+
34. Bf1 a3 35. Qb5 Kf7 36. c5 a2 37. c6 Qb1 38. Qc4+ Kg6 39. c7 a1=Q 40. c8=Q
Qf5 41. Qxf5+ Kxf5 42. Qf7 1-0

[Event "TCh-RUS Premier 2022"]
[Site "Sochi RUS"]
[Date "2022.05.10"]
[Round "7.3"]
[Board "6"]
[White "Vlasenko, Miroslav"]
[Black "Nikitenko, Mihail"]
[Result "1-0"]
[WhiteTitle "IM"]
[BlackTitle "IM"]
[WhiteElo "2403"]
[BlackElo "2479"]
[WhiteTeam "SShOR po shakhmatam i shashkam (g. Sankt-Pete"]
[BlackTeam "Gogolevskiy, 14 (g. Moskva)"]
[WhiteFideId "4151887"]
[BlackFideId "13506862"]
[EventDate "2022.05.01"]

1. d4 e6 2. c4 Nf6 3. Nc3 d5 4. Nf3 c6 5. Qb3 Nbd7 6. Bg5 h6 7. Bh4 Qa5 8. e3
Ne4 9. Bd3 f5 10. O-O Ndf6 11. Ne5 g5 12. Bxe4 gxh4 13. Bd3 Rg8 14. cxd5 Nxd5
15. Qd1 Nf6 16. e4 Bd7 17. Nxd7 Kxd7 18. exf5 exf5 19. d5 Nxd5 20. Bxf5+ Kc7 21.
Be6 Rg5 22. Nxd5+ cxd5 23. Rc1+ Kd6 24. Qf3 Re8 25. Qf7 Rd8 26. Bh3 1-0

[Event "TCh-RUS Premier 2022"]
[Site "Sochi RUS"]
[Date "2022.05.10"]
[Round "7.4"]
[Board "1"]
[White "Artemiev, Vladislav"]
[Black "Grischuk, Alexander"]
[Result "1/2-1/2"]
[WhiteTitle "GM"]
[BlackTitle "GM"]
[WhiteElo "2700"]
[BlackElo "2742"]
[WhiteTeam "Ladya (Respublika Tatarstan)"]
[BlackTeam "Sportivnyy klub KPRF (g. Moskva)"]
[WhiteFideId "24101605"]
[BlackFideId "4126025"]
[EventDate "2022.05.01"]

1. Nf3 Nf6 2. c4 c5 3. Nc3 Nc6 4. d4 cxd4 5. Nxd4 e6 6. Bf4 d5 7. cxd5 Nxd5 8.
Nxc6 bxc6 9. Bd2 Bb4 10. Qa4 Rb8 11. e4 Nxc3 12. bxc3 Ba5 13. Rd1 O-O 14. Be2
Qc7 15. O-O Bb7 16. g3 Rbd8 17. Qc4 Bb6 1/2-1/2